| 000 | 00485pab a2200169 454500 | ||
|---|---|---|---|
| 008 | 180718b2009 xxu||||| |||| 00| 0 eng d | ||
| 100 | _aPiotrowski, Suzanne J. et al | ||
| 245 | _aKey issues for implementation of Chinese open government information regulations | ||
| 260 | _c2009 | ||
| 300 | _ap.S129-S35. | ||
| 362 | _aDec | ||
| 650 | _aRight to information - China | ||
| 650 | _aRight to information | ||
| 773 | _aPublic Administration Review | ||
| 908 | _aN | ||
| 909 | _a84995 | ||
| 999 |
_c84995 _d84995 |
||